MARC details
| 000 -CABECERA |
| campo de control de longitud fija |
02420nab a2200349 a 4500 |
| 005 - FECHA Y HORA DE LA ÚLTIMA TRANSACCIÓN |
| campo de control |
20250911124814.0 |
| 008 - ELEMENTOS DE LONGITUD FIJA--INFORMACIÓN GENERAL |
| campo de control de longitud fija |
991125c2015 sp tr p o 000 0 spa d |
| 035 ## - NÚMERO DE CONTROL DEL SISTEMA |
| Número de control de sistema |
UPN01000207734 |
| 040 ## - FUENTE DE LA CATALOGACIÓN |
| Centro catalogador/agencia de origen |
MX-MxUPN |
| Lengua de catalogación |
spa |
| Centro/agencia transcriptor |
MX-MxUPN |
| Normas de descripción |
aacr2 |
| 049 ## - COLECCIÓN |
| Colección |
ART-E |
| 100 1# - ASIENTO PRINCIPAL--NOMBRE PERSONAL |
| Nombre de persona |
Gámez, Elena |
| 100 1# - ASIENTO PRINCIPAL--NOMBRE PERSONAL |
| Filiación |
egamez@ull.es |
| 100 1# - ASIENTO PRINCIPAL--NOMBRE PERSONAL |
| Nombre de persona |
Marrero, Hipólito |
| 100 1# - ASIENTO PRINCIPAL--NOMBRE PERSONAL |
| Nombre de persona |
Díaz, José M. |
| 100 1# - ASIENTO PRINCIPAL--NOMBRE PERSONAL |
| Nombre de persona |
Urrutia, Mabel |
| 245 10 - MENCIÓN DE TÍTULO |
| Título |
¿Qué esperan encontrar los alumnos en los estudios de Psicología? Metas y motivos personales de los estudiantes en su primer año en la universidad |
| 506 ## - NOTA DE RESTRICCIONES AL ACCESO |
| Limitaciones de acceso |
Acceso abierto |
| 520 3# - NOTA DE RESUMEN, ETC. |
| Sumario, etc. |
Numerosas investigaciones se han interesado por el perfil motivacional de ingreso de los universitarios. Sin embargo, se ha prestado menos atención al estudio de las metas que los estudiantes pretenden satisfacer cuando llegan a la universidad. En este trabajo presen tamos un primer estudio con 610 alumnos de Psicología, de cuatro cursos consecutivos. En él se analiza la estructura factorial de una escala que evalúa la identificación de los estudiantes con diferentes tipos de motivos. En un segundo estudio, con otros 140 estudiantes, se relacionan las metas interpersonales con otras metas vitales, la satisfacción de necesidades psicológicas, el bienestar subjetivo y la presencia de pensamientos perfeccionistas. Los datos muestran la importancia de las metas de logro, de poder, de afiliación y de superación de problemas personales. Estas últimas presentan, además, una relación negativa con el bienestar y la satisfacción de necesidades psicológicas, y una relación positiva con el perfeccionismo. Nuestros resultados aportan un mayor conocimiento de los perfiles de los estudiantes de nuevo ingreso y las consecuencias que de ellos se derivan para su orientación académica. |
| 650 #4 - ASIENTO SECUNDARIO DE MATERIA - TERMINO TEMATICO |
| Término de materia o nombre geográfico como elemento de entrada |
Estudiantes |
| 9 (RLIN) |
13250 |
| 650 #4 - ASIENTO SECUNDARIO DE MATERIA - TERMINO TEMATICO |
| Término de materia o nombre geográfico como elemento de entrada |
Psicología |
| 9 (RLIN) |
38 |
| 650 #4 - ASIENTO SECUNDARIO DE MATERIA - TERMINO TEMATICO |
| Término de materia o nombre geográfico como elemento de entrada |
Educación superior |
| 9 (RLIN) |
32 |
| 650 #2 - ASIENTO SECUNDARIO DE MATERIA - TERMINO TEMATICO |
| Término de materia o nombre geográfico como elemento de entrada |
Perfeccionismo (rasgo de la personalidad) |
| 9 (RLIN) |
213 |
| 653 0# - TERMINO DE INDIZACION - NO CONTROLADO |
| Término no controlado |
Necesidades psicológicas |
| 653 0# - TERMINO DE INDIZACION - NO CONTROLADO |
| Término no controlado |
Metas |
| 653 0# - TERMINO DE INDIZACION - NO CONTROLADO |
| Término no controlado |
Bienestar subjetivo |
| 773 ## - ENLACE AL DOCUMENTO FUENTE/ENTRADA DE REGISTRO ANFITRIÓN |
| Parte(s) relacionada(s) |
Vol. 31, no. 2 (2015), p. 589-599 |
| Título |
Anales de psicología = Annals of psychology |
| Número Internacional Normalizado para Publicaciones Seriadas |
1695-2294 |
| 856 4# - LOCALIZACIÓN Y ACCESO ELECTRÓNICOS |
| Identificador Uniforme del Recurso |
<a href="https://revistas.um.es/analesps/article/view/analesps.31.2.171851">https://revistas.um.es/analesps/article/view/analesps.31.2.171851</a> |
| 856 4# - LOCALIZACIÓN Y ACCESO ELECTRÓNICOS |
| Identificador Uniforme del Recurso |
<a href="https://doi.org/10.6018/analesps.31.2.171851">https://doi.org/10.6018/analesps.31.2.171851</a> |
| 902 ## - ELEMENTOS DE DATOS B LOCAL, LDB (RLIN) |
| Creó |
Gloria Jiménez/110925 |
| 905 ## - TIPO DE MATERIAL |
| Tipo de material |
Articulo |
| 942 ## - ELEMENTOS DE PUNTO DE ACCESO ADICIONAL (KOHA) |
| Tipo de ítem Koha |
Artículo Electrónico |